| 000 | 01384cam a22003617a 4500 | ||
|---|---|---|---|
| 003 | CHAP | ||
| 005 | 20220817042600.0 | ||
| 008 | 971013s1968 r 00010 d | ||
| 010 | _a48781 | ||
| 011 | _a49753 | ||
| 035 | _a53903 | ||
| 040 | _cCHAP | ||
| 082 |
_a338.10972 _bV4Y |
||
| 100 | 0 | 0 |
_aVenezian, Eduardo L. _9118698 |
| 245 | 1 | 3 |
_aEl desarrollo de la agricultura mexicana _b: estructura y crecimiento de 1950 a 1965 |
| 260 |
_aChapingo, Méx. : _bCentro de Economía Agrícola, _c1968 |
||
| 300 | _a247 h. | ||
| 490 | 0 | _aSerie de investigaciones económico agrícolas | |
| 590 |
_aBATCH-UPD _b10 _c20130110 _lUCH01 _h0207 |
||
| 590 |
_aBATCH-UPD _b10 _c20130110 _lUCH01 _h1828 |
||
| 590 |
_aBATCH-UPD _b10 _c20130410 _lUCH01 _h1200 |
||
| 590 |
_aBATCH-UPD _b10 _c20130914 _lUCH01 _h1454 |
||
| 590 |
_aCONVERSION _b10 _c20130109 _lUCH01 _h1327 |
||
| 650 | 1 | 4 |
_aAgricultura _xAspectos economicos _zMexico. _91312 |
| 700 | 0 |
_aGamble, William K. _944564 |
|
| 830 | 0 | _aSerie de investigaciones económico agrícolas | |
| 901 | _aBK | ||
| 942 | _cLIBRO | ||
| 949 |
_a338.10972 V4Y _bBC _cLIBRO _d33724000363222 _eLIBRO _fc.2 _h14215 _i53903 _si |
||
| 949 |
_a338.10972 V4Y _bBC _cLIBRO _d33724000363248 _eLIBRO _fc.5 _h26642 _i53903 _si |
||
| 949 |
_a338.10972 V4Y _bBC _cLIBRO _d33724000363255 _eLIBRO _fc.3 _h16091 _i53903 _si |
||
| 949 |
_a338.10972 V4Y _bBC _cUACH _d-119243 _eUACH _h14181 _i53903 _mD _si |
||
| 999 |
_c48781 _d48781 |
||